Answers Contain "Eagle" 🦅 - Statistics

General Stats
  • This quiz has been taken 176 times
  • The average score is 7 of 14
Answer Stats
Hint Answer % Correct
National bird of the United States bald eagle
99%
Glenn Frey and Don Henley's bestselling band Eagles
85%
"X" position of human body, with arms and legs out spreadeagle
71%
What Snoopy is beagle
69%
What Neil Armstrong famously said The Eagle Has Landed
69%
NFL team Philadelphia Eagles
58%
US clothing retailer (or airline code share brand name) American Eagle
55%
1986 Ivan Reitman lawyer movie with Robert Redford Legal Eagles
33%
Spacey Steve Miller song Fly Like an Eagle
31%
Rank that comes after First Class, Star, and Life Eagle Scout
30%
Musical artist known for "Save Tonight" Eagle-Eye Cherry
27%
It's on the flag of Albania and Montenegro double-headed eagle
21%
Band on stage at the Bataclan terror attack Eagles of Death Metal
11%
The F-15E all-weather fighter jet {Strike} Eagle
7%
No matching quizzes found
Score Distribution
Percent of People with Each Score
Percentile by Number Answered
Your Score History
You have not taken this quiz